000 00540cam a22002171 4500
001 sa 68018717
003 DLC
005 20260227112714.0
008 891005s1965 ce 000 0 sino
010 _asa 68018717
035 _a(OCoLC)20446069
040 _aDLC
_cWaU
_dDLC
042 _apremarc
050 0 0 _aPL4754
_b.D35
100 1 _aDammaratana, Hisselle,
_cThera.
245 1 0 _aDraviḍa vyākaraṇaya.
260 _c[1965]
300 _axi, 121 p.
_c19 cm.
500 _aIn Sinhalese.
650 0 _aTamil language
_xGrammar.
999 _c88603
_d88603